000 01003nam a22002057a 4500
999 _c68897
_d68897
005 20210325211450.0
008 s2552 th ||||| |||| 00| 0 tha d
020 _a9741315929
040 _aNALT
050 _aJF 1358
_bพ671ร 2552
100 0 _aพิทยา บวรวัฒนา
_943057
245 1 0 _aรัฐประศาสนศาสตร์ :
_bทฤษฎีและแนวการศึกษา (ค.ศ.1887 - ค.ศ.1970) /
_cพิทยา บวรวัฒนา.
250 _aพิมพ์ครั้งที่ 15
260 _aกรุงเทพฯ :
_bโรงพิมพ์แห่งจุฬาลงกรณ์มหาวิทยาลัย,
_c2552.
300 _a173 หน้า :
_bภาพประกอบ, ตาราง ;
_c26 ซม.
650 4 _aรัฐประศาสนศาสตร์
_926131
850 _aNALT
942 _cGB
_2lcc